ALL WEATHER RETIREMENT PORTFOLIO (Record no. 28608)

MARC details
000 -LEADER
fixed length control field 00335nam a2200133Ia 4500
008 - FIXED-LENGTH DATA ELEMENTS--GENERAL INFORMATION
fixed length control field 240624s9999 xx 000 0 und d
041 ## - LANGUAGE CODE
Language code of text/sound track or separate title eng
082 ## - DEWEY DECIMAL CLASSIFICATION NUMBER
Classification number 332.024 THU
100 ## - MAIN ENTRY--PERSONAL NAME
Personal name THURMAN RANDY L
245 ## - TITLE STATEMENT
Title ALL WEATHER RETIREMENT PORTFOLIO
260 ## - PUBLICATION, DISTRIBUTION, ETC.
Date of publication, distribution, etc. 2015
Place of publication, distribution, etc. Oklahoma
Name of publisher, distributor, etc. Master Key
300 ## - PHYSICAL DESCRIPTION
Extent 192 : p. : cm. ; 28
365 ## - TRADE PRICE
Currency code RS
Holdings
Withdrawn status Lost status Damaged status Not for loan Home library Current library Shelving location Date acquired Cost, normal purchase price Full call number Barcode Date last seen Price effective from Koha item type
        IMTN IMTN Rack 9-A 03/03/2017 1155.00 332.024 THU 28608 06/24/2024 06/24/2024 Books
Designed & Maintained by: LRC IMT Nagpur Contact: lrc@imtnag.ac.in© 2024. All Rights Reserved.